ბათუმის შოთა რუსთაველის სახელმწიფო უნივერსიტეტის ბიბლიოთეკა

ტ.XI. უბისი:რუსთველი და დანტე.წ.2 (ბიბ.ჩანაწერი № 43242)

000 -LEADER
fixed length control field 01026nam a2200241Ia 4500
001 - CONTROL NUMBER
control field 9969
003 - CONTROL NUMBER IDENTIFIER
control field GE_BSU
008 - FIXED-LENGTH DATA ELEMENTS--GENERAL INFORMATION
fixed length control field 181216s||||||||xx |||||||||||||| ||und||
020 ## - INTERNATIONAL STANDARD BOOK NUMBER
International Standard Book Number 9789941444210
040 ## - CATALOGING SOURCE
Transcribing agency GE_BSU
080 ## - UNIVERSAL DECIMAL CLASSIFICATION NUMBER
Universal Decimal Classification number 930.2+94(479.22)+726:27+008
100 ## - MAIN ENTRY--PERSONAL NAME
Personal name კაშია,ჯანრი
245 ## - TITLE STATEMENT
Title ტ.XI. უბისი:რუსთველი და დანტე.წ.2
245 ## - TITLE STATEMENT
Remainder of title წინათქმა:ზოგი რამ "ქართული რენესანსის" შესახებ
245 ## - TITLE STATEMENT
Statement of responsibility, etc. რედ.ხათუნა თოდუა.
260 ## - PUBLICATION, DISTRIBUTION, ETC.
Place of publication, distribution, etc. თბილისი
260 ## - PUBLICATION, DISTRIBUTION, ETC.
Name of publisher, distributor, etc. ქართული ბიოგრაფიული ცენტრი.
260 ## - PUBLICATION, DISTRIBUTION, ETC.
Date of publication, distribution, etc. 2013
300 ## - PHYSICAL DESCRIPTION
Extent 560გვ.ფოტო.21სმ.
653 ## - INDEX TERM--UNCONTROLLED
Uncontrolled term უბისი:რუსთველი და დანტე
653 ## - INDEX TERM--UNCONTROLLED
Uncontrolled term წინათქმა:ზოგი რამ "ქართული რენესანსის" შესახებ
942 ## - ADDED ENTRY ELEMENTS (KOHA)
Koha item type წიგნი
ეგზემპლარები
Withdrawn status Lost status Damaged status Not for loan Date acquired Barcode Date last seen Price effective from Koha item type
        2018-12-17 33285 2018-12-17 2018-12-17 წიგნი
        2018-12-17 33286 2018-12-17 2018-12-17 წიგნი